000 00778nam a2200241 4500
003 LK-CoMWRAF
005 20231231121130.0
008 230902b2004 |||||||| |||| 00| 0 eng d
020 _a9558464302
040 _aLK-CoMWRAF
_dLK-CoMWRAF
_eLK-CoMWRAF
041 _asin
082 _a891.483
_bDIA
100 _aඩයස්, සිඩ්නි මාකස්
_vDias, Sydney Marcus
245 _aව්‍යාඝ්‍ර‍ දඩයම
246 _aWyagra Dadayama
260 _aආණමඩුව :
_bතෝතැන්න ප්‍ර‍කාශන,
_c2004
300 _a72 p.
520 _aBased on 'Folk Tales of India Madhya Pradesh'
650 _aSINHALA FICTION
650 _aIndian Folk tales-Sinhala translations
700 _yPawar, Shyam
942 _cBK
999 _c3372
_d3372